000 00490nam a22001817a 4500
003 LK-CoDNM
005 20241218140827.0
008 241218b |||||||| |||| 00| 0 eng d
040 _aLK-CoDNM
_dLK-CoDNM
_eLK-CoDNM
041 _aeng
080 _a2
_bB2
100 _aHincks thomas b.a
245 _aA History Of The British Hydroid Zoophytes
_bvol. iI
260 _alondon
_bjohn van voorst , paternoster row
300 _alxvii, 334p. ; 23 cm
650 _aSCIENCE
942 _cBK
999 _c233424
_d233424